El turismo cultural en América Latina: las sociedades locales frente a la fascinación y al mercado /
Spremljeno u:
| Glavni autor: | |
|---|---|
| Format: | Tekst |
| Teme: | |
| Oznake: |
Dodaj oznaku
Bez oznaka, Budi prvi tko označuje ovaj zapis!
|
MARC
| LEADER | 00000 a a2200000 04500 | ||
|---|---|---|---|
| 001 | 184 | ||
| 003 | |||
| 040 | |||
| 100 | |a Lisocka-Jaegermann, Bogumila | ||
| 245 | |a El turismo cultural en América Latina: |b las sociedades locales frente a la fascinación y al mercado / |c Bogumila Lisocka-Jaegermann | ||
| 650 | |a TURISMO | ||
| 650 | |a SOCIEDADES | ||
| 650 | |a MERCADO | ||
| 650 | |a CULTURA | ||
| 650 | |a AMERICA LATINA | ||
| 773 | |g número 21; páginas 89-105 | ||
| 999 | |c 24791 |d 24791 | ||
| 773 | 0 | |0 18809 |9 3212 |a Universidad de Varsovia |d Varsovia, Polonia: Universidad de Varsovia. Facultad de Geografía y Estudios Regionales, 1984- |o 00522 |t Actas Latinoamericanas de Varsovia/ |w (cru CIDCACS/IIS)36121 | |
